000 00474ntaaa2200193 4500
003 01
005 20251027200944.0
008 0714s1973 ag 01
040 _aAR-BaBN
_bspa
_cAR-BaBN
_eaacr
_dRIC
082 _a248.27 M96
100 _aMurray, Andrew
245 _aAbsolute surrender /
_cAndrew Murray
250 _a1 ed.
260 _aLondon :
_bMarshall Brothers,
_c1895
300 _axi, 188 p
650 _aEspiritu Santo
650 _aVida Cristiana
942 _cBK
999 _c3542
_d3542